Australian Country of Birth by Continent for each Capital City - Statistics

General Stats
  • This quiz has been taken 261 times
  • The average score is 36 of 48
Answer Stats
Continent Country of Birth % Correct
Europe United Kingdom
98%
Asia China
97%
Oceania New Zealand
97%
North America United States
96%
North America Canada
95%
North America Mexico
95%
Oceania Fiji
94%
Asia India
94%
South America Brazil
92%
Africa South Africa
92%
South America Argentina
90%
Asia Indonesia
90%
South America Chile
89%
Europe Italy
89%
Oceania Papua New Guinea
89%
South America Colombia
88%
Africa Egypt
88%
Oceania Samoa
88%
Europe Germany
87%
Asia Vietnam
87%
Oceania Australia
86%
South America Peru
86%
Oceania Tonga
84%
Europe Greece
83%
Europe Ireland
83%
Asia Malaysia
80%
Africa Nigeria
80%
South America Venezuela
80%
Asia South Korea
77%
South America Uruguay
75%
Asia Philippines
73%
North America Jamaica
69%
Africa Kenya
68%
Africa Sudan
68%
Africa Ethiopia
63%
Africa DR Congo
58%
North America Nicaragua
58%
Europe Netherlands
57%
North America El Salvador
54%
Asia Sri Lanka
53%
Africa Zimbabwe
51%
North America Trinidad and Tobago
45%
Asia Lebanon
43%
Asia East Timor
36%
Asia Nepal
35%
Europe Croatia
34%
Africa Mauritius
20%
Europe Macedonia
17%
No matching quizzes found
Score Distribution
Percent of People with Each Score
Percentile by Number Answered
Your Score History
You have not taken this quiz